000 00902nam a2200205 i 4500
001 190188
003 ES-MaACL
005 20250603181634.0
008 200911s1958 sp |||| | spa d
100 1 _aMelón y Ruiz de Gordejuela, Amando,
_d1895-1975
_980024
245 1 4 _aLos modernos nomenclatores de España (1857-1950) /
_cDiscurso leido en la recepción publica, el 19 de octubre de 1958, por... D. Amando Melón y Ruiz de Gordejuela . Contestación por... D. Francisco Javier Sánchez Cantón.
260 _aMadrid :
_b[s.n.],
_c1958 (
_fGraf. Clavileño)
300 _a99 p. ;
_c24 cm.
594 _aPrecede al tít.: Real Academia de la Historia.
651 7 _aEspaña-
_xNomencladores
_2
_9165997
700 1 _aSánchez Cantón, Francisco Javier,
_d1891-1971
_9102521
710 2 _aReal Academia de la Historia (España)
_96309
852 _aES-MaACL
_jF-M-III-H
999 _c190188
_d190188